Library Banner

سچی پات : کالموں کی زبانی(2007 تا 2010/ (Record no. 101290)

MARC details
000 -LEADER
fixed length control field 00467nam a22001457a 4500
005 - DATE AND TIME OF LATEST TRANSACTION
control field 20180102114526.0
008 - FIXED-LENGTH DATA ELEMENTS--GENERAL INFORMATION
fixed length control field 180102b xxu||||| |||| 00| 0 eng d
040 ## - CATALOGING SOURCE
Transcribing agency PK-LaUMT
082 ## - DEWEY DECIMAL CLASSIFICATION NUMBER
Classification number PKAC 070.44
Item number FIA-S
100 ## - MAIN ENTRY--PERSONAL NAME
Personal name فیاض الدین احمد
245 ## - TITLE STATEMENT
Title سچی پات : کالموں کی زبانی(2007 تا 2010/
Statement of responsibility, etc فیاض الدین احمد
260 ## - PUBLICATION, DISTRIBUTION, ETC. (IMPRINT)
Place of publication, distribution, etc کراچی:
Name of publisher, distributor, etc اسلامک ریسرچ اکیڈمی،
Date of publication, distribution, etc 2011
300 ## - PHYSICAL DESCRIPTION
Extent 255 ص
942 ## - ADDED ENTRY ELEMENTS (KOHA)
Koha item type Books
Holdings
Withdrawn status Lost status Damaged status Home library Current library Date acquired Full call number Barcode Date last seen Price effective from Koha item type
      UMT Main Campus UMT Main Campus 2018-01-02 PKAC 070.44 FIA-S 117112 2018-01-02 2018-01-02 Books